000 00649nam a22002057a 4500
005 20251108175229.0
008 250721s2002 xx 000 0 ara d
082 1 4 _aم/ط/911/ولي
100 1 _aوليمز، براين
245 1 0 _aبلدان العالم : الثقافات - الموارد - السياسة /
264 1 _aبيروت :
_bدار العلم للملايين،
_c2002.
300 _aج.2.
490 0 _aدليل المعرفة
_v2
650 1 7 _aالجغرافيا
650 1 7 _aالبلدان
650 1 7 _aالعالم
653 _aنااشئون صغار ( 10 - 14 سنة )\
942 _2ddc
_cBK
999 _c129238
_d129238